Quiz Géopolitique - Statistiques

Statistiques générales
  • Ce quiz a été pris 11 fois
  • Le résultat moyen est 10 sur 20
Statistiques - réponses
Hint Réponse % Correct
Homme politique et conservateur, connu notamment pour avoir été le président du Brésil entre 2019 et 2022 Jair Bolsonaro
100%
Pays contrôlant le Canal de Suez Egypte
91%
Pays africain contrôlant une grande partie du Nil Bleu grâce au barrage de la Renaissance ? Ethiopie
91%
Empire qui avait l'autorité sur la Palestine avant 1917 Empire Ottoman
82%
Son opposant politique socialiste, l'ayant succédé à la tête du pays Lula
82%
Pays possèdant l’arme nucléaire la plus récente officiellement reconnue ? Corée du Nord
73%
Quelle alliance militaire dirigée par l’URSS s’opposait à l’OTAN pendant la guerre froide ? Pacte de Varsovie
73%
Région disputée entre l'Inde, le Pakistan et la Chine depuis 1947 Cachemire
64%
Capitale du pays, théâtre de nombreux affrontements depuis le début du conflit en 2023 Khartoum
64%
Mer située entre l'Afrique du Nord et l'Asie de l'Ouest, permettant notamment de rejlier Méditérrannée et Océan Indien Mer Rouge
64%
Notion géopolitique de Joseph Nye, afin de définir les critères non coercitifs de la puissance Soft Power
64%
Accord climatique international a été signé en 2015 pour limiter le réchauffement mondial ? Accord de Paris
45%
Théoricien prussien, à qui l'on doit le fameux traité de stratégie militaire "De la Guerre" Carl Von Clausewitz
36%
Premier ministre de l'Arabie Saoudite (depuis 2022), controversé pour la représsion politique instituée Mohammed Ben Salmane
36%
Projet de liaisons maritimes et ferroviaires dévoilé par Xi Jinping en 2013, surnommé "One Belt One Road" Nouvelles Routes de la Soie
36%
Pratique utilisée par la Chine consistant à « offrir » des pandas géants afin de sceller ou améliorer des relations diplomatiques avec un autre pays Diplomatie du Panda
18%
Nom de guerre du dirigeant des Forces de Soutien Rapide au Soudan Hemedti
18%
Type d'usine se situant (le plus souvent) à la frontière nord du Mexique, et qui assemble à bas coût des produits d'exportation Maquiladoras
0%
Nom donné à la combinaison de cette dernière avec la "Puissance Dure" Smart Power
0%
Nom donné aux groupes d'autodéfense actifs en République Démocratique du Congo, dans le contexte du conflit avec le Rwanda Wazalendo
0%
Aucun quiz correspondant
Distribution des résultats
% des personnes avec chaque résultat
Percentile par nombre de réponses
Votre historique - résultats
Vous n’avez pas pris ce quiz